000
00219nam a2200121Ia 4500
100
_a
#N/A
942
_c
BK
654
_a
CAD/CAM
245
_a
CAD/CAM
260
_b
Tata McGraw Hil
082
_b
RAO
546
_a
ENGLISH
999
_c
30255
_d
30255